<?xml version="1.0" encoding="UTF-8"?>
<record
    xmlns:xsi="http://www.w3.org/2001/XMLSchema-instance"
    xsi:schemaLocation="http://www.loc.gov/MARC21/slim http://www.loc.gov/standards/marcxml/schema/MARC21slim.xsd"
    xmlns="http://www.loc.gov/MARC21/slim">

  <leader>00471nam a22001337a 4500</leader>
  <datafield tag="040" ind1=" " ind2=" ">
    <subfield code="c">RUA</subfield>
  </datafield>
  <datafield tag="082" ind1=" " ind2=" ">
    <subfield code="a">AGR TUY 2015 B604 Or.1</subfield>
  </datafield>
  <datafield tag="100" ind1=" " ind2=" ">
    <subfield code="a">TUY VITU ,&#x1791;&#x17BB;&#x1799; &#x179C;&#x17B7;&#x1791;&#x17BC;</subfield>
  </datafield>
  <datafield tag="245" ind1=" " ind2=" ">
    <subfield code="a">comparison on of urea rate on green onion,&#x1780;&#x17B6;&#x179A;&#x1794;&#x17C0;&#x1794;&#x1792;&#x17C0;&#x1794;&#x1780;&#x1798;&#x17D2;&#x179A;&#x17B7;&#x178F;&#x1787;&#x17B8;&#x17A2;&#x17CA;&#x17BB;&#x1799;&#x179A;&#x17C9;&#x17C1;&#x1791;&#x17C5;&#x179B;&#x17BE;&#x178A;&#x17C6;&#x178E;&#x17B6;&#x17C6;&#x1781;&#x17D2;&#x1791;&#x17B9;&#x1798;&#x179F;&#x17D2;&#x179B;&#x17B9;&#x1780;</subfield>
  </datafield>
  <datafield tag="260" ind1=" " ind2=" ">
    <subfield code="a">phnom penh </subfield>
    <subfield code="b">rua</subfield>
    <subfield code="c">2015</subfield>
  </datafield>
  <datafield tag="300" ind1=" " ind2=" ">
    <subfield code="a">x;39p;</subfield>
    <subfield code="b">ill;</subfield>
    <subfield code="c">29cm;</subfield>
  </datafield>
  <datafield tag="856" ind1=" " ind2=" ">
    <subfield code="u">TUY VITU</subfield>
  </datafield>
  <datafield tag="942" ind1=" " ind2=" ">
    <subfield code="c">VEM</subfield>
  </datafield>
  <datafield tag="999" ind1=" " ind2=" ">
    <subfield code="c">17060</subfield>
    <subfield code="d">17060</subfield>
  </datafield>
  <datafield tag="952" ind1=" " ind2=" ">
    <subfield code="0">0</subfield>
    <subfield code="1">0</subfield>
    <subfield code="2">ddc</subfield>
    <subfield code="4">0</subfield>
    <subfield code="6">AGR_TUY_2015_000000000000000_B604_OR_1</subfield>
    <subfield code="7">0</subfield>
    <subfield code="9">73544</subfield>
    <subfield code="a">LBB</subfield>
    <subfield code="b">LBB</subfield>
    <subfield code="c">B604</subfield>
    <subfield code="d">2018-07-24</subfield>
    <subfield code="l">3</subfield>
    <subfield code="o">AGR TUY 2015 B604 Or.1</subfield>
    <subfield code="p">A29646</subfield>
    <subfield code="r">2023-05-05</subfield>
    <subfield code="s">2023-04-19</subfield>
    <subfield code="w">2018-07-24</subfield>
    <subfield code="y">VEM</subfield>
  </datafield>
  <datafield tag="952" ind1=" " ind2=" ">
    <subfield code="0">0</subfield>
    <subfield code="1">0</subfield>
    <subfield code="2">ddc</subfield>
    <subfield code="4">0</subfield>
    <subfield code="6">AGR_TUY_2015_000000000000000_B604_OR_2</subfield>
    <subfield code="7">0</subfield>
    <subfield code="9">73545</subfield>
    <subfield code="a">LBB</subfield>
    <subfield code="b">LBB</subfield>
    <subfield code="c">B604</subfield>
    <subfield code="d">2018-07-24</subfield>
    <subfield code="l">1</subfield>
    <subfield code="o">AGR TUY 2015 B604 Or.2</subfield>
    <subfield code="p">A30532</subfield>
    <subfield code="r">2020-11-20</subfield>
    <subfield code="s">2020-10-02</subfield>
    <subfield code="w">2018-07-24</subfield>
    <subfield code="y">VEM</subfield>
  </datafield>
  <datafield tag="952" ind1=" " ind2=" ">
    <subfield code="0">0</subfield>
    <subfield code="1">0</subfield>
    <subfield code="2">ddc</subfield>
    <subfield code="4">0</subfield>
    <subfield code="6">AGR_TUY_2015_000000000000000_B604_OR_3</subfield>
    <subfield code="7">0</subfield>
    <subfield code="9">73546</subfield>
    <subfield code="a">LBB</subfield>
    <subfield code="b">LBB</subfield>
    <subfield code="c">B604</subfield>
    <subfield code="d">2018-07-24</subfield>
    <subfield code="l">1</subfield>
    <subfield code="o">AGR TUY 2015 B604 Or.3</subfield>
    <subfield code="p">A30607</subfield>
    <subfield code="r">2023-12-11</subfield>
    <subfield code="s">2023-11-17</subfield>
    <subfield code="w">2018-07-24</subfield>
    <subfield code="y">VEM</subfield>
  </datafield>
  <datafield tag="952" ind1=" " ind2=" ">
    <subfield code="0">0</subfield>
    <subfield code="1">0</subfield>
    <subfield code="2">ddc</subfield>
    <subfield code="4">0</subfield>
    <subfield code="6">AGR_TUY_2015_000000000000000_B604_OR_4</subfield>
    <subfield code="7">0</subfield>
    <subfield code="9">73547</subfield>
    <subfield code="a">LBB</subfield>
    <subfield code="b">LBB</subfield>
    <subfield code="c">B604</subfield>
    <subfield code="d">2018-07-24</subfield>
    <subfield code="l">1</subfield>
    <subfield code="o">AGR TUY 2015 B604 Or.4</subfield>
    <subfield code="p">A30682</subfield>
    <subfield code="r">2022-12-02</subfield>
    <subfield code="s">2022-10-28</subfield>
    <subfield code="w">2018-07-24</subfield>
    <subfield code="y">VEM</subfield>
  </datafield>
  <datafield tag="952" ind1=" " ind2=" ">
    <subfield code="0">0</subfield>
    <subfield code="1">0</subfield>
    <subfield code="2">ddc</subfield>
    <subfield code="4">0</subfield>
    <subfield code="6">AGR_TUY_2015_000000000000000_B604_OR_5</subfield>
    <subfield code="7">0</subfield>
    <subfield code="9">73548</subfield>
    <subfield code="a">LBB</subfield>
    <subfield code="b">LBB</subfield>
    <subfield code="c">B604</subfield>
    <subfield code="d">2018-07-24</subfield>
    <subfield code="l">1</subfield>
    <subfield code="o">AGR TUY 2015 B604 Or.5</subfield>
    <subfield code="p">A29559</subfield>
    <subfield code="r">2018-10-30</subfield>
    <subfield code="s">2018-09-03</subfield>
    <subfield code="w">2018-07-24</subfield>
    <subfield code="y">VEM</subfield>
  </datafield>
  <datafield tag="952" ind1=" " ind2=" ">
    <subfield code="0">0</subfield>
    <subfield code="1">0</subfield>
    <subfield code="2">ddc</subfield>
    <subfield code="4">0</subfield>
    <subfield code="6">AGR_TUY_2015_000000000000000_B604_OR_6</subfield>
    <subfield code="7">0</subfield>
    <subfield code="9">73549</subfield>
    <subfield code="a">LBB</subfield>
    <subfield code="b">LBB</subfield>
    <subfield code="c">B604</subfield>
    <subfield code="d">2018-07-24</subfield>
    <subfield code="l">1</subfield>
    <subfield code="o">AGR TUY 2015 B604 Or.6</subfield>
    <subfield code="p">A29484</subfield>
    <subfield code="r">2019-06-26</subfield>
    <subfield code="s">2019-06-25</subfield>
    <subfield code="w">2018-07-24</subfield>
    <subfield code="y">VEM</subfield>
  </datafield>
  <datafield tag="952" ind1=" " ind2=" ">
    <subfield code="0">0</subfield>
    <subfield code="1">0</subfield>
    <subfield code="2">ddc</subfield>
    <subfield code="4">0</subfield>
    <subfield code="6">AGR_TUY_2015_000000000000000_B604_OR_7</subfield>
    <subfield code="7">0</subfield>
    <subfield code="9">73550</subfield>
    <subfield code="a">LBB</subfield>
    <subfield code="b">LBB</subfield>
    <subfield code="c">B604</subfield>
    <subfield code="d">2018-07-24</subfield>
    <subfield code="l">2</subfield>
    <subfield code="o">AGR TUY 2015 B604 Or.7</subfield>
    <subfield code="p">A30337</subfield>
    <subfield code="r">2023-04-24</subfield>
    <subfield code="s">2023-03-29</subfield>
    <subfield code="w">2018-07-24</subfield>
    <subfield code="y">VEM</subfield>
  </datafield>
  <datafield tag="952" ind1=" " ind2=" ">
    <subfield code="0">0</subfield>
    <subfield code="1">0</subfield>
    <subfield code="2">ddc</subfield>
    <subfield code="4">0</subfield>
    <subfield code="6">AGR_TUY_2015_000000000000000_B604_OR_1</subfield>
    <subfield code="7">0</subfield>
    <subfield code="9">73551</subfield>
    <subfield code="a">LBB</subfield>
    <subfield code="b">LBB</subfield>
    <subfield code="c">B604</subfield>
    <subfield code="d">2018-07-24</subfield>
    <subfield code="l">1</subfield>
    <subfield code="o">AGR TUY 2015 B604 Or.1</subfield>
    <subfield code="p">A31424</subfield>
    <subfield code="r">2020-10-21</subfield>
    <subfield code="s">2020-10-13</subfield>
    <subfield code="w">2018-07-24</subfield>
    <subfield code="y">VEM</subfield>
  </datafield>
</record>
